| 000 | 00631nam a22001577a 4500 | ||
|---|---|---|---|
| 003 | OSt | ||
| 005 | 20150929150741.0 | ||
| 008 | 150929b xxu||||| |||| 00| 0 eng d | ||
| 040 | _cRUA | ||
| 082 | _aAGR CHHI 2003 B008 Or.1 | ||
| 100 |
_91567 _aCHHIM, SOPHANARATH. |
||
| 245 | _aStudy on adaption behaior of famers on agriculture technologies in takeo province, សិក្សាអំពីការទទួលយកបច្ចេកវិទ្យាកសិកម្មរបស់កសិករ នៅខេត្តតាកែវ | ||
| 260 |
_aPhnom Penh _bRUA _c2003 |
||
| 300 |
_a43p. _bill. _c29cm. |
||
| 942 |
_2ddc _cAGR |
||
| 999 |
_c1475 _d1475 |
||